Gandhi Patel: (Record no. 34907)

MARC details
000 -LEADER
fixed length control field 00717nam a2200193 4500
005 - DATE AND TIME OF LATEST TRANSACTION
control field 20100329133547.0
008 - FIXED-LENGTH DATA ELEMENTS--GENERAL INFORMATION
fixed length control field 730710t19731971nyu 000 0 eng
020 ## - INTERNATIONAL STANDARD BOOK NUMBER
International Standard Book Number 9788123755564
Terms of availability 60.00
037 ## - SOURCE OF ACQUISITION
Source of stock number/acquisition Tarun Books
040 ## - CATALOGING SOURCE
Original cataloging agency dpl
Language of cataloging English
245 ## - TITLE STATEMENT
Title Gandhi Patel:
Statement of responsibility, etc compiled by Neerja Singh
Remainder of title letters and speeches differences within consensus /
260 ## - PUBLICATION, DISTRIBUTION, ETC. (IMPRINT)
Place of publication, distribution, etc New Delhi
Name of publisher, distributor, etc National Book Trust
Date of publication, distribution, etc 2009
270 ## - ADDRESS
Address Nehru Bhawan, 5 Industrial Area, Phase-II, Vasant Kunj,
City New Delhi
Postal code 110070
300 ## - PHYSICAL DESCRIPTION
Extent xix, 203p.
Dimensions 24 cm(pbk)
700 ## - ADDED ENTRY--PERSONAL NAME
Personal name Neerja Singh
942 ## - ADDED ENTRY ELEMENTS (KOHA)
Source of classification or shelving scheme Dewey Decimal Classification
Item type English Books
Call number suffix GAN
Holdings
Withdrawn status Lost status Source of classification or shelving scheme Damaged status Not for loan Home library Current library Date acquired Cost, normal purchase price Total Checkouts Full call number Date last seen Copy number Cost, replacement price Koha item type
    Dewey Decimal Classification   Ordered Andrews Gunj Andrews Gunj 01/04/2010 60.00   GAN 01/04/2010 1 60.00 English Books

© Delhi Public Library
Hit Counter
free hit counter